Montessori: la educación natural y el medio

Spremljeno u:
Bibliografski detalji
Glavni autor: Yaglis, Dimitrios (Autor)
Format: Knjiga
Jezik:španjolski
Izdano: Ciudad de México Trillas 1989
Serija:Biblioteca Grandes Educadores, 4
Teme:
Oznake: Dodaj oznaku
Bez oznaka, Budi prvi tko označuje ovaj zapis!

MARC

LEADER 00000nam a2200000 a 4500
001 UCN1969
003 CL-VaPUC
005 20220308151922.0
008 010504e19890000MX |||||||||||||||||spa|d
999 |c 295190  |d 295188 
040 |c Pontificia Universidad Católica de Valparaíso 
082 0 4 |a 370.1  |b YAG  |2 21 
100 0 |a Yaglis, Dimitrios  |e author  |9 457572 
245 1 0 |a Montessori: la educación natural y el medio 
260 |a Ciudad de México  |b Trillas  |c 1989 
300 |a 118 p 
490 0 |a Biblioteca Grandes Educadores, 4 
583 |a last modification  |c 20010504 00:00:00  |k Rodrigo Vera 
600 |a Montessori, María,  |d 1870-1952  |9 867052 
650 0 |a Filosofía de la educación   |9 258384 
650 0 |a Métodos de enseñanza  |9 270413 
650 0 |a Psicología educacional   |9 307830 
942 |c BK  |2 ddc 
945 |d 20010504 00:00:00  |a cmena 
952 |0 0  |1 0  |4 0  |6 370_100000000000000_YAG_1989  |7 0  |8 A  |9 348123  |a BIBEDU  |b BIBEDU  |d 2019-11-20  |i 3718182  |o 370.1 YAG 1989  |p 3718182  |r 2019-11-20  |w 2019-11-20  |y BK  |k EPE